000 01092nam a22004210a 4500
001 PT56196
003 AR-LpoUNG
005 20210131231740.0
008 191001s2015||||ag |||||||||||||||||spa d
020 _a9789876913638
_c$13
040 _aAR-LpoUNG
_bspa
_cAR-LpoUNG
_eaacr
041 _aspa
044 _aag
082 0 _a417.7 238pol
100 1 _aNarvaja de Arnoux, Elvira
_eed.
245 1 0 _aPolítica lingüística y enseñanza de lenguas
250 _a1ra. ed.
260 _aBuenos Aires :
_bBiblos,
_c2015.
300 _a268 p. :
_btbls.
650 4 _aAMERICA LATINA
650 4 _aARGENTINA
650 4 _aARGENTINA
650 4 _aEDUCACION
650 4 _aENSEÑANZA DE LENGUAS MODERNAS
650 4 _aGRAMATICA
650 4 _aIDENTIDAD CULTURAL
650 4 _aINTEGRACION REGIONAL
650 4 _aLENGUA ESPAÑOLA
650 4 _aLENGUA GUARANI
650 4 _aLENGUAS
650 4 _aLINGUISTICA
650 4 _aMERCOSUR
650 4 _aPOLITICA LINGÜISTICA
651 4 _aAmérica Latina
700 1 _aBein, Roberto
_eed.
905 _a56196
942 _cLIB
999 _c11774
_d11774